000 00673nam a2200229Ia 4500
001 56174
008 130214n ii |||gr||||Z||||||465
020 _a978-81-7339-475-1
082 _a891.41408
245 0 _aRamdhenu (Vol-XI &XII )
_cHomen Borgohain
_hTextual Documents
250 _aFirst--2009.
260 _aAssam
_bBanalata
300 _a3170pg:
_c30cm.
500 _aCollection Of Assamese Magazine Edited by B K Bhattacharjyya
653 _aAssamese
653 _aRamdhenu (Vol-XI &XII )
653 _aDeptt-Assamese
653 _aAssamese Literature
700 _aBorgohain,Homen .
856 _uCo-Edited By-GM Neog & Anamitra Gogoi
942 _2ddc
_cBK
999 _c56098
_d56098